Beyond patriarchy : (Record no. 143348)

MARC details
000 -LEADER
fixed length control field 00591nam a22001937a 4500
005 - DATE AND TIME OF LATEST TRANSACTION
control field 20230529143339.0
010 ## - LCCN (DPL NO)
LC control number ENG-119765
020 ## - INTERNATIONAL STANDARD BOOK NUMBER
Terms of availability 160.00
International Standard Book Number 9788180642142
035 ## - SYSTEM CONTROL NUMBER
System control number EN-103297
037 ## - SOURCE OF ACQUISITION
Source of stock number/acquisition DBAD/PUB
082 ## - DEWEY DECIMAL CLASSIFICATION NUMBER
Classification number 121
100 ## - MAIN ENTRY--PERSONAL NAME
Personal name Bagchi, Nandita
245 ## - TITLE STATEMENT
Title Beyond patriarchy :
Statement of responsibility, etc by Nandita Bagchi
Remainder of title a critique of western mainstream epistemology /
260 ## - PUBLICATION, DISTRIBUTION, ETC. (IMPRINT)
Place of publication, distribution, etc Kolkata
Name of publisher, distributor, etc Progressive Publishers
Date of publication, distribution, etc 2012
270 ## - ADDRESS
City Kolkata
Address 37A, College Street
Postal code 73
300 ## - PHYSICAL DESCRIPTION
Extent 192p.
Dimensions 22cm(Hb)
500 ## - GENERAL NOTE
General note Includes bibligraphical references and index
942 ## - ADDED ENTRY ELEMENTS (KOHA)
Item type English Books
Classification part 121
Call number suffix BAG
Source of classification or shelving scheme Library of Congress Classification
Holdings
Withdrawn status Lost status Not for loan Collection code Home library Current library Date acquired Source of acquisition Cost, normal purchase price Full call number Barcode Copy number Cost, replacement price Koha item type
      Non-fiction Ashok Vihar Ashok Vihar 14/08/2017 DBAD/PUB 160.00 121 BAG EN-103297 1 160.00 English Books

© Delhi Public Library
Hit Counter
free hit counter